Statistics for Global Top 100 All-Time Hit Singles - Hard (2022)

Click here to take the quiz!

General Stats

  • This quiz has been taken 29 times
  • The average score is 46 of 200

Answer Stats

RankArtist% Correct
74Ed Sheeran & Justin Bieber
81%
61 | 80Michael Jackson
81%
95Paul McCartney & Michael Jackson
81%
11 | 15 | 98The Beatles
78%
99The Beatles & Billy Preston
78%
9Kid Laroi & Justin Bieber
74%
43Elvis Presley
70%
54Terry Jacks
70%
18Celine Dion
67%
1Elton John
67%
Billie Jean
63%
5Whitney Houston
63%
27 | 40 | 87Adele
59%
Candle in the Wind 1997
59%
3 | 16 | 47 | 85Ed Sheeran
56%
91George Michael
56%
Hey Jude
56%
84Lady GaGa
56%
73Queen
56%
I Will Always Love You
52%
97Madonna
52%
12Mariah Carey
52%
71Paul McCartney & Stevie Wonder
48%
Bohemian Rhapsody
44%
Hello
44%
My Heart Will Go On
44%
Shape of You
44%
Stay
44%
39 | 83Bee Gees
41%
48Frank Sinatra
41%
32Stevie Wonder
41%
89Coldplay
37%
Ebony and Ivory
37%
31Pink Floyd
37%
I Want to Hold Your Hand
33%
All I Want For Christmas Is You
30%
86Boyz II Men
30%
7Pharrell Williams
30%
Seasons in the Sun
30%
77Shakira featuring Wyclef Jean
30%
She Loves You
30%
63Spice Girls
30%
Another Brick in the Wall (Part II)
26%
Black or White
26%
82Blondie
26%
90Chic
26%
78Daft Punk featuring Pharrell Williams
26%
Despacito
26%
37George Harrison
26%
Get Back
26%
25Shawn Mendes & Camila Cabello
26%
Someone Like You
26%
Stayin' Alive
26%
38Barbra Streisand
22%
57Bon Jovi
22%
6 | 94Bryan Adams
22%
Happy
22%
Heart of Glass
22%
I Just Called to Say I Love You
22%
79Justin Timberlake
22%
100Ke$ha
22%
Like a Prayer
22%
75Maroon 5 featuring Cardi B
22%
53Maroon 5 featuring Christina Aguilera
22%
Perfect
22%
Poker Face
22%
Rolling in the Deep
22%
Say Say Say
22%
Wannabe
22%
We Are the World
22%
Believe
19%
Blinding Lights
19%
64BTS (Bangtan Boys)
19%
58Camila Cabello featuring Young Thug
19%
55Cher
19%
59 | 62Culture Club
19%
41 | 50Dua Lipa
19%
(Everything I Do) I Do It For You
19%
Havana
19%
60Leona Lewis
19%
13Luis Fonsi & Daddy Yankee featuring Justin Bieber
19%
Macarena
19%
10Mark Ronson featuring Bruno Mars
19%
Night Fever
19%
2 | 17The Weeknd
19%
Tik Tok
19%
Uptown Funk!
19%
8USA For Africa
19%
Viva La Vida
19%
Bad Habits
15%
20Billie Eilish
15%
Careless Whisper
15%
Dance Monkey
15%
42Doris Day
15%
End of the Road
15%
Hips Don't Lie
15%
(I Can't Help) Falling in Love with You
15%
26John Travolta & Olivia Newton-John
15%
Le Freak
15%
My Sweet Lord
15%
23Robin Thicke featuring T.I. & Pharrell Williams
15%
92The Chainsmokers featuring Halsey
15%
66Ace of Base
11%
Always
11%
Bad Guy
11%
21Black Eyed Peas
11%
Blurred Lines
11%
Closer
11%
22Coolio featuring L.V.
11%
Dynamite
11%
Eye of the Tiger
11%
Gangsta's Paradise
11%
Get Lucky
11%
I Don't Care
11%
I Gotta Feeling
11%
Karma Chameleon
11%
Levitating
11%
19Lil Nas X featuring Billy Ray Cyrus
11%
45LMFAO featuring Lauren Bennett & GoonRock
11%
14Los Del Rio
11%
76Meat Loaf
11%
Old Town Road
11%
Party Rock Anthem
11%
Save Your Tears
11%
Strangers in the Night
11%
Sugar Sugar
11%
70Survivor
11%
81The Archies
11%
4Tones And I
11%
67UB40
11%
Woman in Love
11%
You're the One that I Want
11%
52Boney M.
7%
Call Me Maybe
7%
34Carly Rae Jepsen
7%
Don't Start Now
7%
Girls Like You
7%
35Gotye featuring Kimbra
7%
I Believe I Can Fly
7%
24Lewis Capaldi
7%
Moves like Jagger
7%
29Puff Daddy & Faith Evans featuring 112
7%
88R. Kelly
7%
Senorita
7%
Somebody that I Used to Know
7%
Someone You Loved
7%
The Sign
7%
Thinking Out Loud
7%
51Toni Braxton
7%
30Village People
7%
Wake Me Up!
7%
Whatever Will Be, Will Be (Que Sera, Sera)
7%
Y.M.C.A.
7%
49All-4-One
4%
Apologize
4%
36Avicii
4%
Bette Davis Eyes
4%
Bleeding Love
4%
Can't Stop the Feeling
4%
Do You Really Want to Hurt Me
4%
Flashdance… What a Feeling
4%
69George McCrae
4%
Have You Ever Really Loved A Woman?
4%
I'd Do Anything for Love (But I Won't Do That)
4%
I'll Be Missing You
4%
In the Summertime
4%
28Irene Cara
4%
I Swear
4%
It's Now or Never
4%
96James Blunt
4%
56Kim Carnes
4%
65Mary Hopkins
4%
44Mungo Jerry
4%
Nothing Compares 2 U
4%
Rhythm is a Dancer
4%
Rivers of Babylon
4%
Rock Your Baby
4%
San Francisco (Be Sure to Wear Flowers)
4%
68Scott McKenzie
4%
93Shocking Blue
4%
72Sinead O'Connor
4%
33Snap!
4%
Those Were the Days
4%
46Timbaland featuring OneRepublic
4%
Un-Break My Heart
4%
Venus
4%
You're Beautiful
4%

Score Distribution

Percentile by Number Answered

Percent of People with Each Score

Your Score History

You have not taken this quiz